000 00488cam a22001691 4500
001 6587616
005 20250116154900.0
008 721128s1965 nyua 000 0 eng
050 0 0 _aJQ1876
_b.A3
082 _a351.10967
100 1 _aAdu, Amishadai L.,
_d1914-
245 1 4 _aThe civil service in new African States,
_cby A.L. Adu.
260 _aNew York,
_bF.A. Praeger
_c[1965]
300 _a242 p.
_billus.
_c23 cm.
650 0 _aCivil service
_zAfrica, Sub-Saharan.
942 _2lcc
_cBK
_n0
999 _c2583
_d2583